| 000 | 00643nam a2200205 4500 | ||
|---|---|---|---|
| 001 | 149031 | ||
| 003 | ES-MaACL | ||
| 005 | 20230906202922.0 | ||
| 007 | t| | ||
| 008 | 070214n19401949sp r ||||1| spa d | ||
| 100 | 1 |
_aSuttner, Bertha von. _9108885 |
|
| 245 | 1 | 0 |
_aHistoria de una vida / _cBaronesa Berta de Suttner ; [traducción de G. Muñoz Serra]. |
| 260 |
_aBarcelona : _bMateu, _c[194_?] ( _fImp. Pulcra) |
||
| 300 |
_a308 p. ; _c17 cm. |
||
| 490 | 1 | _aBiblioteca moderna Mateu | |
| 700 | 1 |
_aMuñoz Serra, G. _984502 |
|
| 830 | 0 |
_aBiblioteca moderna Mateu _9183648 |
|
| 852 |
_aES-MaACL _jD-7357 _bR.27008 |
||
| 999 |
_c149031 _d149031 |
||